000 00248nam a2200121 i 4500
001 bg
245 0 _aIntensivschleifen.
260 _aBerlin,
_c1979.
040 _cBPK
041 _apol
942 _cKS
008 s pl f |000 0 pol
999 _c21178
_d21178
856 _uhttp://koha.tu.koszalin.pl/cgi-bin/koha/opac-detail.pl?biblionumber=21178
_yKatalog online BPK